000 00433nam a2200169Ia 4500
008 241115s9999 xx 000 0 und d
020 _aNA
082 _a530 HAL
100 _aHalliday, David; Walker, Jearl ; Resnick, Robert
245 0 _aFundamentals of Physics
250 _a6th
260 _aNew York:
_bJohn Wiley,
_c2002
300 _a1144p.
600 _aHumanities & Natural Science
650 _aPhysics
942 _cBBD
999 _c25429
_d25429